Szentes város népesedési és mezőgazdasági viszonyai a 19. század második felében statisztikai adatok alapján (1850-1900)

Elmentve itt :
Bibliográfiai részletek
Szerző: Takács László
További közreműködők: Kovács Zoltán (Témavezető)
Dokumentumtípus: Szakdolgozat
Megjelent: 1972
Tárgyszavak:
Online Access:http://diploma.bibl.u-szeged.hu/88776
LEADER 00682nta a2200169 i 4500
001 dipl88776
005 20200722124606.0
008 200722s1972 hu om 0|| zxx d
040 |a SZTE Diploma Repozitórium  |b hun 
041 |a zxx 
100 1 |a Takács László 
245 1 0 |a Szentes város népesedési és mezőgazdasági viszonyai a 19. század második felében statisztikai adatok alapján (1850-1900)  |h [elektronikus dokumentum] /  |c László Takács 
260 |c 1972 
650 4 |a Bölcsészettudományok 
650 4 |a Modern and contemporary history 
700 1 |a Kovács Zoltán  |e ths 
856 4 0 |u http://diploma.bibl.u-szeged.hu/id/eprint/88776/1/1972_takacs_laszlo.pdf  |z Dokumentum-elérés